THE ART OF FASHION DRAPING (Record no. 16722)

MARC details
000 -LEADER
fixed length control field 00288nam a22001337a 4500
003 - CONTROL NUMBER IDENTIFIER
control field SGT
020 ## - INTERNATIONAL STANDARD BOOK NUMBER
International Standard Book Number 9781501330292
082 ## - DEWEY DECIMAL CLASSIFICATION NUMBER
Item number CRA
100 ## - MAIN ENTRY--PERSONAL NAME
Personal name CRAWFORD CONNIE AMADEN
245 ## - TITLE STATEMENT
Title THE ART OF FASHION DRAPING
260 ## - PUBLICATION, DISTRIBUTION, ETC. (IMPRINT)
Name of publisher, distributor, etc BLOOMSBURY PUB.
Year of Publication 2018
300 ## - PAGE DESCRIPTION
No. of Pages 491
942 ## - ADDED ENTRY ELEMENTS (KOHA)
Source of classification or shelving scheme Dewey Decimal Classification
Koha item type Books
Holdings
Withdrawn status Lost status Source of classification or shelving scheme Damaged status Not for loan Home library Current library Shelving location Date acquired Vendor Name Cost, normal purchase price SGTU Bill Number Full call number Accession No. (Barcode) Date last seen Bill Date Koha item type
    Dewey Decimal Classification   Not For Loan SGT Science & Social Sciences Library SGT Science & Social Sciences Library Reference Book 28/01/2019 PANKAJ PUB.INT 9542.00 SGTU 4288 CRA FF583 28/01/2019 28/01/2019 Books